1541 1625 1795 1019 1103 1403 1795 1740 1573 1417 1867 1273 1313 1284 1374 1713 1670 1617 1746 1138 1461 1835 1177 1517 1052 1953 1490 1957 1615 1500 1319 1904 1552 1453 1157 1146 1132 1875 1556 1058 1325 1528 1236 1618 1726 1840 1332 1034 1264 1181 1077 1039 1308 1519 1305 1472 1589 1446 1484 1677 1183 1256 1260 1399 1777 1946 1908 1064 1900 1079 1161 1837 1552 1575 1347 1247 1769 1044 1793 1554 1023 1424 1485 1146 1071 1590 1778 1983 1709 1366 1809 1586 1115 1606 1073 1478 1659 1027 1391 BCNSPRNW ULIB Ver.6.0+V

เปลี่ยนเป็นภาษาไทย

Change to English
 แสดงรายละเอียดบรรณานุกรม
  กลับหน้าหลัก

Brief Record : Get Marc (ISO 2709) : E-mail record : QR code < ปิดหน้าต่าง
LEADER : 00000nam 2200000uu 4500
001    13399120219
003     ULIB
008    020711s2010 th a 000 0 eng d
020    9780443069383
050    QS18.2 G782
100    Marios Loukas
245    GRAY S Anatomy Review./^cMarios Loukas
260    Philadelphia :^bChurchill livingstone,^c2010
945    ^p0^l0^i16532
999    ^aใช้งานได้ทุกระบบ
รายการนี้ยังไม่มีแท็ก
คุณยังไม่ได้ล็อกอิน คุณสามารถมีกิจกรรมร่วมกับเว็บไซต์ได้ แต่ต้องล็อกอินก่อน ::
  ล็อกอิน

รายการสื่อสารสนเทศ

ลำดับที่ ประเภท เลขเรียก/บาร์โค้ด สถานที่ สถานะ
1. วิทยาศาสตร์การแพทย์ และสุขภาพ
วิทยาศาสตร์การแพทย์ และสุขภาพ
QS18.2 G782  
  Barcode: 16532
ห้องสมุดวิทยาเขตสวรรค์ประชารักษ์
►หนังสือทั่วไป
บนชั้น

BibComment


ยังไม่เคยถูกคอมเมนท์

คอมเมนท์ทรัพยากรรายการนี้
  คอมเมนท์: GRAY S Anatomy Re..


 Copyright 2026. Bcnsprnw @Library